Sloan's Victorian buildings

Uloženo v:
Podrobná bibliografie
Hlavní autor: Sloan, Samuel (Autor)
Médium: Kniha
Jazyk:angličtina
Vydáno: Nueva York Dover 1980
Edice:Dover Books on Architecture
Témata:
Tagy: Přidat tag
Žádné tagy, Buďte první, kdo vytvoří štítek k tomuto záznamu!

MARC

LEADER 00000nam a2200000 a 4500
001 UCT3904
003 CL-VaPUC
008 961031e19800000US |||||||||||||||||eng|d
082 0 4 |a 724.5  |b SLO  |2 21 
100 0 |a Sloan, Samuel  |e author  |9 474043 
245 1 0 |a Sloan's Victorian buildings 
300 |a 102 p 
942 |c BK 
945 |d 19961031 00:00:00  |a nastorga 
260 |a Nueva York  |b Dover  |c 1980 
650 0 |a Arquitectura victoriana  |9 474044 
650 0 |a Edificios   |9 260501 
650 0 |a Vivienda  |9 258662 
650 0 |a Estructuras  |9 271908 
650 7 |a ESTILO ARQUITECTONICO  |2 CL-VaPUC  |9 373964 
650 0 |a Arte gótico  |9 265512 
650 0 |a Diseño arquitectónico   |9 265271 
650 7 |a ORNAMENTO  |2 CL-VaPUC  |9 474045 
650 0 |a Ciudades  |9 265474 
650 0 |a Monumentos  |9 265246 
583 |a last modification  |c 19961031 00:00:00  |k Rodrigo Vera 
490 0 |a Dover Books on Architecture 
999 |c 302689  |d 302687 
952 |0 0  |1 0  |4 0  |6 724_500000000000000_SLO_1980  |7 0  |8 P  |9 363388  |a BIBARQ  |b BIBARQ  |d 2019-11-21  |i 3244539  |o 724.5 SLO 1980  |p 3244539  |r 2025-01-20  |w 2019-11-21  |y BK  |k ARQ